000 00952nam a22002177a 4500
999 _c9106
_d9106
003 AR-CdUCM
008 190327b ||||| |||| 00| 0 spa d
040 _aMUNICIPALIDAD PROVINCIAL DEL CUSCO
_cBIBLIOTECA MUNICIPAL DEL CUSCO
082 _a869.56 /
_bD31
100 _aDávila Pezúa, Domingo
_925112
245 _a"Inkakunaq rimayninta yachasun" "Aprendamos el idioma de los incas" :
_bQuechua gramar trilingual vocabulary to spanish and englis" /
260 _aCusco :
_bEdmundo Pantigoso,
_c2002.
300 _a161 paginas;
_bCuadros,
_c20 cm.
505 _aContenido :Seq´ellunpa, alfabeto o signografia -- Fonetización del alfabeto o seq´ellunpa quechua -- Estructura del quechua o runasimi -- Características del quechua cusqueño...
650 _aIdiomas
_924850
650 _aQuechua Cusqueño
_925113
650 _aFonética y fonología
_925114
710 _aInstituto Nacional de Cultura
_99
942 _2ddc
_cLIBROS
945 _awnts